| 000 | 01427nam a2200409Ia 4500 | ||
|---|---|---|---|
| 001 | 032007 | ||
| 008 | 221003m2010 xx 000 0 spa d | ||
| 020 | _a978-84-15018-25-4 | ||
| 035 | _aCENDO_25626 | ||
| 041 | _aspa | ||
| 245 | 0 |
_aPor la diversidad, contra la discriminación : _bla igualdad de trato en España, hechos, garantías, perspectivas / _ccoordinadores Fernando Rey Martínez y David Giménez Glück |
|
| 260 |
_aMadrid : _bFundación Ideas, _c2010 |
||
| 300 |
_a88 p. ; _c 30 cm |
||
| 490 |
_aDocumento de Trabajo ; _v4/2010 |
||
| 500 | _aBibliogr. p. 78-80 | ||
| 650 |
_aESPAÑA _99 |
||
| 650 |
_aIGUALDAD DE TRATO _91580 |
||
| 650 | 0 |
_aDISCRIMINACION RACIAL _9225 |
|
| 650 |
_aDERECHOS HUMANOS _92569 |
||
| 650 |
_aGITANO _96054 |
||
| 650 |
_aTRIBUNAL CONSTITUCIONAL _9596 |
||
| 650 |
_aDISCRIMINACION POR RAZONES DE SEXO _9201 |
||
| 650 |
_aDISCRIMINACION POR EDAD _92533 |
||
| 650 |
_aDISCRIMINACION CONTRA PERSONAS CON DISCAPACIDAD _9782 |
||
| 650 |
_aDISCRIMINACION RELIGIOSA _96627 |
||
| 700 |
_aREY MARTINEZ, Fernando, _ecoord. _910552 |
||
| 700 |
_aGIMENEZ GLÜCK, David, _ecoord. _99872 |
||
| 710 |
_aFUNDACION IDEAS _cMadrid, _eed. _917269 |
||
| 856 |
_zPDF _uhttp://docpublicos.ccoo.es/cendoc/032007DiversidadContraDiscriminacion.pdf |
||
| 901 | _a0 | ||
| 903 | _aNO | ||
| 904 | _a000 | ||
| 953 |
_d2013-01-18 _yDOCU_ELEC |
||
| 999 |
_c25625 _d25625 |
||
| 910 | _a2010 | ||
| 942 | _cDOCU_ELEC | ||